Logo BPK

Biblioteka

Politechniki Koszalińskiej

Electronics-from Theory into Practice by... / (Rekord nr 26650)

Szczegóły MARC
000 -ETYKIETA REKORDU
podpole kontrolne o stałej długości 00499nam a2200181 i 4500
001 - NUMER KONTROLNY REKORDU
pole kontrolne bg
040 ## - ŹRÓDŁO KATALOGOWANIA
Instytucja, która utworzyła rekord BPK
041 ## - KOD JĘZYKA
Kod języka tekstu pol
080 ## - UNIWERSALNA KLASYFIKACJA DZIESIĘTNA - UKD
UKD 621.38
008 - POLE O STAŁEJ DŁUGOŚCI - DANE KONTROLNE
podpole kontrolne o stałej długości s pl f |000 0 pol
100 1# - NAZWA OSOBOWA
Nazwa osobowa FISHER, J. E.
245 #0 - TYTUŁ/ODPOWIEDZIALNOŚĆ
Tytuł Electronics-from Theory into Practice by... /
Pozostałe elementy strefy tytułu i oznaczenia odpowiedzialności J. E. Fisher, H. B. Gatland.
260 ## - STREFA ADRESU WYDAWNICZEGO
Miejsce wydania Oxford :
Nazwa wydawcy/dystrybutora Pergamon Press,
Data publikacji, dystrybucji/powstania dokumentu [1966].
300 ## - STREFA OPISU FIZYCZNEGO
Objętość s. XV, 411 :
Inne cechy fizyczne rys., tabl.
504 ## - UWAGA DOTYCZĄCA BIBLIOGRAFII
Informacje o bibliografii [Zawiera bibliogr. s. 405-406].
700 1# - HASŁO DODATKOWE - NAZWA OSOBOWA
Nazwa osobowa GATLAND, H. B.
856 ## - LOKALIZACJA I DOSTĘP DO ELEKTRONICZNYCH DOKUMENTÓW ZDALNYCH
Link (URL) http://koha.tu.koszalin.pl/cgi-bin/koha/opac-detail.pl?biblionumber=26650
Tekst linku Katalog online BPK
942 ## - DODATKOWE ELEMENTY (KOHA)
Typ dokumentu Książka
Egzemplarze
Wycofany Status egzemplarza Uszkodzony Dostępność Lokalizacja stała Lokalizacja bieżąca Miejsce przechowywania Sygnatura Kod kreskowy Typ dokumentu
      Dostępny Biblioteka Politechniki Koszalińskiej Biblioteka Politechniki Koszalińskiej Wypożyczalnia BG 18163 01717464 Książka
© 2023 Biblioteka Politechniki Koszalińskiej :: KOHA